000 00940cam a2200289 4500
001 J127445
008 #DATE n2002 000 0 eng u
035 _a(Sirsi) u127446
041 _aeng
050 _a338.4569
_c18
110 _aConstruction Forecasting and Research Ltd
_91829
245 _aForesight Southern - regional construction forecasts 2002
260 _aLondon
_bConstruction Forecasting and Research Ltd.
_c2002
300 _a2
_fpt.
_c30cm.
490 _aCFR Foresight Regional Construction Forecasts
490 _aCFR Foresight Southern Regional Construction Forecasts
_v2(1-2)
505 _aNational overview
505 _aSouthern overview
505 _aGreater London
505 _aRest of the South East
505 _aSouth West
650 _aCONSTRUCTION FORECASTS
650 _aCONSTRUCTION INDUSTRY
650 _aSOUTHERN ENGLAND
690 _aBUILT ENVIRONMENT-CONSTRUCTION MARKET
942 _n0
999 _c103790
_d103790